Statistics for Unscramble the Cities #2

Click here to take the quiz!

General Stats

  • This quiz has been taken 50 times
  • The average score is 10 of 12

Answer Stats

ScrambledUnscrambled% Correct
ILMALima
98%
NOORTOTToronto
96%
KRAAATJJakarta
91%
SCMWOOMoscow
91%
KASAOOsaka
89%
RTEHPPerth
89%
EAERMSJLEUJerusalem
85%
OCGHCAIChicago
83%
BARTARabat
72%
KJAKIVERYReykjavik
72%
IKHRAACKarachi
63%
SHKANASIKinshasa
57%

Score Distribution

Percentile by Number Answered

Percent of People with Each Score

Your Score History

You have not taken this quiz